000 00279nam a2200109Ia 4500
008 231106s2020 xx 000 0 und d
041 _aeng
100 _aGIOVANNI CIVARDI
245 _aMAKING SENSE OF ISLAMIC ART & ARCHITECHURE
260 _bSEARCH PRESS
_c2020
300 _aP-440
999 _c920225
_d920225